000
00275nam a2200121 a 4500
001
4144
005
20140414131918.0
008
090317s19uu xx 00 eng d
050
_a
ER
_b
Ee1 1993
100
_a
Milne, A. A.
245
_a
Eeyore has a birthday.
999
_c
111628
_d
111628